000 00769nam a2200217 a 4500
999 _c5202
_d5202
001 5202
003 BD-JhCC
005 20171213132141.0
008 171210s1968 bg ||||| |||| 00| 0 ben d
035 _a(BD-JhCC)5202
040 _aBD-JhCC
_dBD-JhCC
041 _aben
082 _a337
_bALM 1968
100 _aআলমগীর, মহীউদ্দীন খান
245 _aমুদ্রাতত্ত্ব, ব্যাস্কিং ও আন্তর্জাতিক বাণিজ্য /
_cমহীউদ্দীন খান আলমগীর
260 _aঢাকা :
_bবাংলা একাডেমী,
_c1968.
300 _a402 p. :
_c21 cm.
650 _aInternational economic relations
942 _2ddc
_cBK